Online
Catalog

Estudios sobre semántica / (Record no. 11448)

MARC details
000 -CABECERA
campo de control de longitud fija 00980cam a2200277 a 4500
001 - NÚMERO DE CONTROL
campo de control 000011774
005 - FECHA Y HORA DE LA ÚLTIMA TRANSACCIÓN
campo de control 20260327123745.0
008 - DATOS DE LONGITUD FIJA--INFORMACIÓN GENERAL
campo de control de longitud fija 780822s1973 sp b 000 0 spa d
040 ## - FUENTE DE LA CATALOGACIÓN
Centro catalogador/agencia de origen DO-SdBNP
Lengua de catalogación spa
Centro/agencia transcriptor LC
Centro/agencia modificador BNPHU
041 17 - CÓDIGO DE LENGUA
Código de lengua del texto/banda sonora o título independiente spa
Código de lengua del sumario o resumen ger
Fuente del código Código de idioma MARC
082 ## - NÚMERO DE LA CLASIFICACIÓN DECIMAL DEWEY
Número de clasificación 511.3
Número de documento/Ítem F858e, 1973
049 ## - FONDOS LOCALES (OCLC)
Fondos de biblioteca BNGR
100 1# - ENTRADA PRINCIPAL--NOMBRE DE PERSONA
Nombre de persona Frege, Gottlob,
Fechas asociadas al nombre 1848-1925.
9 (RLIN) 27849
245 10 - MENCIÓN DE TÍTULO
Título Estudios sobre semántica /
Mención de responsabilidad, etc. Gottlob Frege ; introducción Jesús Mosterín ; traducción Ulises Moulines.
250 ## - MENCIÓN DE EDICIÓN
Mención de edición 2a ed.
260 ## - PUBLICACIÓN, DISTRIBUCIÓN, ETC.
Lugar de publicación, distribución, etc. Barcelona :
Nombre del editor, distribuidor, etc. Ariel,
Fecha de publicación, distribución, etc. 1973.
300 ## - DESCRIPCIÓN FÍSICA
Extensión 179 p. ;
Dimensiones 18 cm.
490 1# - MENCIÓN DE SERIE
Mención de serie Ariel Quincenal
Designación de volumen o secuencia 60
504 ## - NOTA DE BIBLIOGRAFÍA, ETC.
Nota de bibliografía, etc. Incluye referencias bibliográficas y notas al pie de las páginas.
650 #4 - PUNTO DE ACCESO ADICIONAL DE MATERIA--TÉRMINO DE MATERIA
Término de materia o nombre geográfico como elemento de entrada Lógica simbólica y matemática
9 (RLIN) 27850
650 #0 - PUNTO DE ACCESO ADICIONAL DE MATERIA--TÉRMINO DE MATERIA
Término de materia o nombre geográfico como elemento de entrada Lógica algebraica
9 (RLIN) 6703
700 1# - PUNTO DE ACCESO ADICIONAL--NOMBRE DE PERSONA
Nombre de persona Mosterín, Jesús,
Término indicativo de función/relación introd.
9 (RLIN) 27851
700 1# - PUNTO DE ACCESO ADICIONAL--NOMBRE DE PERSONA
Nombre de persona Moulines, Ulises,
Término indicativo de función/relación tr.
9 (RLIN) 27852
830 #0 - PUNTO DE ACCESO ADICIONAL DE SERIE-TÍTULO UNIFORME
Título uniforme Ariel Quincenal ;
Designación de volumen o secuencia 60
9 (RLIN) 5048
910 ## - DATOS DE OPCIÓN DEL USUARIO (OCLC)
Datos de opción del usuario Catalogación derivada / LC
Holdings
Estado de retiro Estado de pérdida Restricciones de uso No para préstamo Código de colección Localización permanente Ubicación/localización actual Ubicación en estantería Fecha de adquisición Número de inventario Total de préstamos Signatura topográfica completa Código de barras Fecha visto por última vez Precio válido a partir de Tipo de ítem Koha Número de copia
    Préstamo interno Préstamo restrigido Monografías: Libros y Folletos General General En encuadernación 27.10.2009 LF1   511.3 F858e, 1973 11774-10 25.06.2020 25.06.2020 Préstamo interno  
    Préstamo interno Préstamo restrigido Monografías: Libros y Folletos General General En encuadernación 02.11.2009 LF1   511.3 F858e, 1973 11774-20 25.06.2020 25.06.2020 Préstamo interno e.2

Powered by Koha